Commercialization of Yulex NR latex TM: The improving margin structure of guayule products (Record no. 55891)

MARC details
000 -LEADER
fixed length control field 00452nam a2200157Ia 4500
100 ## - MAIN ENTRY--AUTHOR NAME
Personal name Cornish Katrina
245 #0 - TITLE STATEMENT
Title Commercialization of Yulex NR latex TM: The improving margin structure of guayule products
260 ## - PUBLICATION, DISTRIBUTION, ETC. (IMPRINT)
Name of publisher Rubber Asia
Year of publication 2006
300 ## - PHYSICAL DESCRIPTION
Number of Pages 73-77,80
650 ## - SUBJECT ADDED ENTRY--TOPICAL TERM
Topical Term Guayule products
650 ## - SUBJECT ADDED ENTRY--TOPICAL TERM
Topical Term Yulex NR latex
700 ## - ADDED ENTRY--PERSONAL NAME
Personal name Martin Jeffrey A
700 ## - ADDED ENTRY--PERSONAL NAME
Personal name Williams Jali
942 ## - ADDED ENTRY ELEMENTS (KOHA)
Koha item type Journals
Holdings
Withdrawn status Lost status Damaged status Not for loan Home library Current library Shelving location Date acquired Serial Enumeration / chronology Koha item type
      Journals RRII Library RRII Library Guayule 17/12/2021 Volume 20, Issue 1 Journals